América Latina y el nuevo orden económico internacional

Saved in:
Bibliographic Details
Main Authors: Hill, Eduardo (Author), Tomassini Olivares, Luciano (Author)
Format: Book
Language:Spanish
Published: Santiago CPU 1979
Subjects:
Tags: Add Tag
No Tags, Be the first to tag this record!

MARC

LEADER 00000nam a2200000 a 4500
001 UCR9322
003 CL-VaPUC
008 980613e19790000CL |||||||||||||||||spa|d
082 0 4 |a 337.1  |b HIL  |2 21 
100 |a Hill, Eduardo  |e author  |9 411728 
700 0 |a Tomassini Olivares, Luciano  |e author  |9 411729 
245 1 0 |a América Latina y el nuevo orden económico internacional 
300 |a 306 p 
942 |c BK 
945 |d 19980613 00:00:00  |a crobeson 
260 |a Santiago  |b CPU  |c 1979 
650 0 |a Economía internacional  |9 258254 
650 0 |a Integración económica  |9 255024 
650 0 |a COOPERACION ECONOMICA  |9 307939 
650 7 |a SISTEMA MONETARIO INTERNACIONAL  |2 CL-VaPUC  |9 322730 
650 0 |a Desarrollo económico  |9 259599 
650 0 |a Países en desarrollo  |9 259663 
651 0 |a América Latina   |9 255027 
583 |a last modification  |c 19980613 00:00:00  |k Rodrigo Vera 
999 |c 270521  |d 270519 
952 |0 0  |1 0  |4 0  |6 337_100000000000000_HIL_1979  |7 0  |8 A  |9 304839  |a BIBENE  |b BIBENE  |d 2019-11-20  |i 1411039  |o 337.1 HIL 1979  |p 1411039  |r 2025-01-15  |w 2019-11-20  |y BK  |k ICO 
952 |0 0  |1 0  |4 0  |6 337_100000000000000_HIL_1979  |7 0  |8 A  |9 304840  |a BIBHIS  |b BIBHIS  |d 2019-11-20  |i 120940K  |o 337.1 HIL 1979  |p 120940K  |r 2025-01-20  |w 2019-11-20  |y BK  |k HIS